| 000 | 00852nam a22002417a 4500 | ||
|---|---|---|---|
| 005 | 20170124105920.0 | ||
| 010 | _aA-544253 | ||
| 020 |
_a8185159084 _c50.00 |
||
| 035 | _aA-544253 | ||
| 037 | _bCen Lib/Ret | ||
| 040 |
_aDPL _bEN |
||
| 082 | _a302.54 | ||
| 100 |
_aMay, John _93945 |
||
| 245 |
_aPractical guide to the art of living : _cby John May _bthe fulfilment of ambition / |
||
| 260 |
_aNew Delhi _bSwan Publishers _c1992 |
||
| 270 |
_ab/205, West Patel Nagar _bNew Delhi _e110008 |
||
| 300 |
_aiv,77p. _c16cm(Hb) |
||
| 650 |
_aTechniques of source-ambition _93946 |
||
| 650 |
_aAmbition-consciousness _93947 |
||
| 650 |
_a स्रोत-महत्वाकांक्षा की तकनीक _93948 |
||
| 650 |
_aमहत्वाकांक्षा-चेतना _92116 |
||
| 942 |
_2ddc _cEN _h302.54 _mMAY |
||
| 999 |
_c123064 _d123064 |
||